000
003150000a22001450004500
003
MACL
040
_a
MACL
090
_c
2524
_d
2524
100
_a
Prabhu, R.K.
245
_a
The Mind of Mahatma Gandhi
260
_b
Navajivan Publishing House
_c
1967
350
_a
75
650
_a
Indian History
942
_c
BOOK
_k
954
999
_c
2505
_d
2505